[Event "It (open)"]
[Site "masterchessopen.com Nachod (Czech Republic)"]
[Round "4"]
[White "Talpa Pavel (CZE)"]
[Black "Cerovsky Leos (CZE)"]
[Result "0-1"]
[WhiteElo "1864"]
[BlackElo "1937"]

1.d4 Nf6 2.g3 d5 3.Bg2 c6 4.Nf3 g6 5.O-O Bg7 6.Nbd2 O-O 7.c4 Ne4 8.e3 Bg4
9.Qb3 Qd7 10.Nxe4 dxe4 11.Nd2 f5 12.f3 exf3 13.Nxf3 Bxf3 14.Bxf3 Na6 15.Rd1
Rab8 16.Bd2 Nc7 17.Rac1 e6 18.Qc2 Qe7 19.a3 Rfd8 20.Bb4 Qg5 21.Qb3 Kh8 22.Ba5
Rd7 23.Bxc6 Rf7 24.Bd2 e5 25.d5 Ne6 26.Bb5 Nc5 27.Qc2 a6 28.Ba4 e4 29.Rf1 Be5
30.Rf4 Nd3 31.Rcf1 Nxf4 32.exf4 Bd4+ 33.Kg2 Qf6 34.Bc3 Bxc3 35.bxc3 Rc7 36.Bb3
b5 37.cxb5 Qxc3 38.Qd1 Rxb5 39.d6 Rd7 40.Be6 Rb2+ 41.Kh3 Qg7 42.g4 Qh6+ {#R}
0-1

[Event "Ch World (juniors) (under 16) (g)"]
[Site "masterchessopen.com Oropesa (Spain)"]
[Round "1"]
[White "Pahor Andrea (CRO)"]
[Black "Ghader Pour Shayesteh (IRI)"]
[Result "0-1"]
[WhiteElo "2070"]
[BlackElo "2073"]

1.Nf3 Nf6 2.g3 g6 3.Bg2 Bg7 4.O-O O-O 5.c4 c6 6.d4 d5 7.Nbd2 Nbd7 8.b3 dxc4
9.Nxc4 Nb6 10.Bb2 Nxc4 11.bxc4 Be6 12.Rc1 Ne4 13.e3 Qa5 14.a4 Bg4 15.Kh1 Qh5
16.h3 Ng5 17.h4 Nxf3 {#R} 0-1

[Event "It (open)"]
[Site "masterchessopen.com Pardubice (Czech Republic)"]
[Round "2"]
[White "Jirovsky Milos (CZE)"]
[Black "Thielsch Norman (GER)"]
[Result "1-0"]
[WhiteElo "2472"]
[BlackElo "2313"]

1.Nf3 Nf6 2.c4 g6 3.g3 Bg7 4.Bg2 c6 5.O-O O-O 6.d4 d5 7.Nbd2 Ne4 8.cxd5 cxd5
9.Nxe4 dxe4 10.Ne5 Qd5 11.Be3 Bf5 12.Qa4 b5 13.Qb3 Qxb3 14.axb3 Bxe5 15.dxe5
Nc6 16.e6 Bxe6 17.Bxe4 Rac8 18.Ra6 Nb4 19.Rxa7 Bxb3 20.Rxe7 Nd5 21.Rb7 Nxe3
22.fxe3 Rb8 23.Rxb8 Rxb8 24.Bd3 b4 25.Rf4 Rb7 26.Bc4 Bc2 27.e4 Re7 28.e5 g5
29.Rf6 Kg7 30.Rb6 Rxe5 31.Rxb4 Re4 32.Kf2 Rd4 33.Ke3 Rd1 34.Rb7 Bg6 35.b4 Rh1
36.b5 Rxh2 37.b6 Rh3 38.Rc7 Rh1 39.Ba2 {#r} 1-0

[Event "Cup Croatia"]
[Site "masterchessopen.com Pula (Croatia)"]
[Round "1"]
[White "Kurajica Bojan (CRO)"]
[Black "Podobnik Marijan (CRO)"]
[Result "1-0"]
[WhiteElo "2534"]
[BlackElo "2290"]

1.d4 Nf6 2.Nf3 g6 3.g3 Bg7 4.Bg2 d5 5.O-O O-O 6.c4 c6 7.Nbd2 a5 8.e3 Bf5 9.Qe2
Be4 10.Nxe4 Nxe4 11.cxd5 cxd5 12.Nd2 Nxd2 13.Bxd2 Qd7 14.Rfc1 Nc6 15.Qb5 Rfd8
16.Rc5 e6 17.a3 Bf8 18.Rc2 Bd6 19.Bf1 Ne7 20.Qb3 Nf5 21.Qb5 h5 22.Qxd7 Rxd7
23.Rac1 Ne7 24.f3 f5 25.Bb5 Rdd8 26.Re1 e5 27.dxe5 Bxe5 28.Kg2 Rdc8 29.Rec1
Rxc2 30.Rxc2 Rc8 31.Rxc8+ Nxc8 32.b3 b6 33.Bd7 Ne7 34.Kf2 Kf7 35.Ke2 h4
36.gxh4 Bxh2 37.f4 Bg3 38.Bc3 Bxh4 39.Bd4 Bf6 40.Bxb6 Bb2 41.a4 Bc3 42.Kd3 Bb4
43.Kd4 Kf6 44.Bc5 Bd2 45.Kd3 Be1 46.Bd4+ Kf7 47.Bc3 Bxc3 48.Kxc3 Ng8 49.Kd4
Nf6 50.Bc6 Ke6 51.Kc5 Ne4+ 52.Kb6 Nd2 53.Kxa5 d4 54.exd4 Nxb3+ 55.Kb6 Nxd4
56.a5 Kd6 57.Bh1 Ne6 58.a6 {#r} 1-0

[Event "Ch SVR (MTB)"]
[Site "masterchessopen.com Reil (Germany)"]
[Round "8"]
[White "Bugiel Marcel"]
[Black "Schwab Thomas (GER)"]
[Result "0-1"]
[WhiteElo "1855"]
[BlackElo "2108"]

1.Nf3 Nf6 2.d4 g6 3.g3 Bg7 4.Bg2 O-O 5.O-O c6 6.Nbd2 d5 7.c4 Ne4 8.Qb3 Qb6
9.Qxb6 axb6 10.cxd5 cxd5 11.Nxe4 dxe4 12.Ne5 Rd8 13.Be3 f5 14.Rfc1 Be6 15.f3
Bd5 16.Rc7 Nc6 17.Nxc6 Bxc6 18.Rxe7 Bf8 19.Re6 Kf7 20.Rxc6 bxc6 21.fxe4 fxe4
22.Bxe4 Rd6 23.Rf1+ Ke6 24.Bc2 Re8 25.Bb3+ Kd7 26.Rf7+ Re7 27.Rxe7+ Kxe7
28.Bf2 Bg7 29.e3 Kd7 30.Kf1 c5 31.dxc5 bxc5 32.Ba4+ Ke6 33.Bb3+ Kf5 34.e4+
Kxe4 35.Bxc5 Rd2 36.Bf2 Kf3 37.Bg1 Bxb2 38.Ba4 Ba3 39.Bc6+ Kg4 40.Bg2 Rd1+
{#R} 0-1

[Event "Ch Sweden (team) 2000/01"]
[Site "masterchessopen.com Sweden"]
[Round "3"]
[White "Nikolic Predrag (BIH)"]
[Black "Hellers Ferdinand (SWE)"]
[Result "1-0"]
[WhiteElo "2657"]
[BlackElo "2605"]

1.d4 Nf6 2.Nf3 g6 3.g3 Bg7 4.Bg2 d5 5.O-O O-O 6.c4 c6 7.Nbd2 a5 8.Ne5 Nbd7
9.Nd3 Nb6 10.c5 Nbd7 11.Nf3 b6 12.cxb6 Qxb6 13.b3 Ba6 14.Ba3 Bxd3 15.Qxd3 Rfe8
16.e3 e6 17.Rfc1 Bf8 18.Bxf8 Rxf8 19.Ne1 a4 20.b4 Qxb4 21.Rxc6 Rfc8 22.Rb1 Qa5
23.Qc2 Rxc6 24.Qxc6 Ra7 25.Bf1 Qd2 26.a3 Qa2 27.Qc1 Rc7 28.Qxc7 Qxb1 29.Nd3
Qa2 30.Qd6 Qb3 31.Qe7 Kg7 32.h3 Qd1 33.Kg2 Ne4 34.Nf4 Nf8 35.Bd3 Nd2 36.Be2
Qc1 37.Nd3 Qb1 38.Ne5 Qf5 39.Bd3 Qf6 40.Qb4 Nc4 41.Bxc4 dxc4 42.Qxc4 Qd8
43.Qxa4 Qd5+ 44.Kg1 {#r} 1-0

[Event "Ch Vietnam (team) (w)"]
[Site "masterchessopen.com Vung Tau (Vietnam)"]
[Round "4"]
[White "Do Thi Thuong (VIE)"]
[Black "Pham Bich Ngoc (VIE)"]
[Result "0-1"]
[WhiteElo "2091"]
[BlackElo "2166"]

1.d4 d5 2.g3 Nf6 3.Bg2 c6 4.Nf3 g6 5.O-O Bg7 6.Nbd2 O-O 7.c4 e6 8.b3 b6 9.Bb2
Bb7 10.Rc1 Nbd7 11.Re1 Rc8 12.Rc2 c5 13.dxc5 Nxc5 14.Ne5 Nfe4 15.Nxe4 Nxe4
16.Bxe4 dxe4 17.Rd2 Qg5 18.h4 Qf5 19.g4 Qf6 20.Nxf7 Qxf7 21.Rd7 Qxf2+ 22.Kh1
Bxb2 23.Rxb7 Be5 {#R} 0-1

[Event "Zt"]
[Site "masterchessopen.com Yerevan (Armenia)"]
[Round "8"]
[White "Tosic Miroslav (SRB)"]
[Black "Bagaturov Giorgi (GEO)"]
[Result "1-0"]
[WhiteElo "2507"]
[BlackElo "2501"]

1.d4 Nf6 2.c4 c6 3.Nf3 d5 4.Nbd2 g6 5.g3 Bg7 6.Bg2 O-O 7.O-O Ne4 8.cxd5 cxd5
9.Nxe4 dxe4 10.Ne5 Qd5 11.Be3 Bf5 12.Qa4 Bxe5 13.dxe5 Nc6 14.g4 Bxg4 15.Bxe4
Qe6 16.Bxc6 bxc6 17.Rfe1 Rab8 18.b3 Rb5 19.Bf4 Rd8 20.f3 Rbd5 21.Qxa7 Rd4
22.Bg3 Bh3 23.Kh1 h5 24.Rg1 h4 25.Bf2 R4d5 26.Bb6 Qxe5 27.Rae1 Rd2 28.Bxd8
Rxd8 29.Qf2 Rd2 30.Qxh4 Be6 31.Rg2 Qc5 32.Qh6 Qc2 33.Qe3 Bd5 34.a4 e6 35.a5
Bxb3 36.a6 Rd8 37.Rgg1 Bd5 38.Rc1 Qf5 39.Qg5 Ra8 40.Qxf5 exf5 41.Ra1 Ra7
42.Rgc1 Kf8 43.Ra4 {#r} 1-0

[Event "It (open)"]
[Site "masterchessopen.com Zalakaros (Hungary)"]
[Round "8"]
[White "Petre Nad-Titus (ROM)"]
[Black "Flumbort Andras (HUN)"]
[Result "1-0"]
[WhiteElo "2293"]
[BlackElo "2355"]

1.Nf3 Nf6 2.d4 g6 3.g3 Bg7 4.Bg2 O-O 5.O-O d5 6.Nbd2 c6 7.c4 Bf5 8.b3 a5 9.Bb2
a4 10.Nh4 Be6 11.Qc2 Qb6 12.e3 Nbd7 13.c5 Qa6 14.Rfb1 Bg4 15.f3 Be6 16.Bf1 Qa7
17.Bc3 b6 18.cxb6 Nxb6 19.Bb4 Rfc8 20.Bc5 Bf8 21.Bd3 Nfd7 22.b4 Nxc5 23.bxc5
Nd7 24.Rb4 Rcb8 25.Rab1 Rxb4 26.Rxb4 Bh3 27.f4 Nf6 28.Ng2 Ng4 29.Nf1 Bh6
30.Be2 Nf6 31.a3 Bf5 32.Qb2 Qd7 33.Rb8+ Rxb8 34.Qxb8+ Kg7 35.Ne1 Bh3 36.Nd3
Ne4 37.Ne5 Qe6 38.Qe8 Nc3 39.Bd3 Nd1 40.Qxc6 Bxf1 41.Qxe6 fxe6 42.Bxf1 {#r}
1-0

[Event "Landesliga Berlin 2000/01"]
[Site "masterchessopen.com Germany"]
[Date "2000.12.03"]
[Round "3"]
[White "Voigt Ingo (GER)"]
[Black "Billing Georg"]
[Result "0-1"]
[WhiteElo "2156"]
[BlackElo "2092"]

1.Nf3 Nf6 2.g3 g6 3.Bg2 Bg7 4.d4 c6 5.c4 O-O 6.O-O d5 7.Nbd2 Na6 8.b3 Nc7
9.Bb2 h6 10.Re1 a5 11.e4 dxe4 12.Nxe4 Nxe4 13.Rxe4 a4 14.Ne5 axb3 15.axb3 Rxa1
16.Qxa1 Bf5 17.Re3 Qa8 18.Qc1 Rd8 19.Qe1 Qa2 20.Qe2 Qb1+ 21.Bf1 Bh3 22.f4 Bxf1
{#R} 0-1

[Event "It (open)"]
[Site "masterchessopen.com Bad Woerishofen (Germany)"]
[Round "4"]
[White "Teich Udo (GER)"]
[Black "Kaufmann Gunther (GER)"]
[Result "1-0"]
[WhiteElo "2097"]
[BlackElo "1818"]

1.d4 Nf6 2.Nf3 g6 3.g3 Bg7 4.Bg2 d5 5.O-O O-O 6.c4 c6 7.Nbd2 Nbd7 8.Qc2 dxc4
9.Nxc4 Nb6 10.Ncd2 Nfd7 11.Rd1 Qe8 12.b3 c5 13.Bb2 cxd4 14.Nxd4 e5 15.Nb5 Qd8
16.a4 a6 17.Nc7 Rb8 18.a5 Na8 19.Nxa8 Rxa8 20.Nc4 Qc7 21.Ba3 Rd8 22.Bd6 {#r}
1-0

[Event "It (open)"]
[Site "masterchessopen.com Bergen (Norway)"]
[Round "7"]
[White "Eriksson Jonas (SWE)"]
[Black "Glenne Bjorn Erik (NOR)"]
[Result "0-1"]
[WhiteElo "2291"]
[BlackElo "2235"]

1.g3 g6 2.Bg2 Bg7 3.d4 d5 4.Nf3 Nf6 5.O-O O-O 6.c4 c6 7.Nbd2 Nbd7 8.b3 b6
9.Bb2 Bb7 10.e4 Nxe4 11.Nxe4 dxe4 12.Ng5 c5 13.Nxe4 Qc7 14.Qd2 cxd4 15.Bxd4
Rad8 16.Bxg7 Kxg7 17.Qc3+ Kg8 18.Rfe1 Bxe4 19.Rxe4 Nc5 20.Re3 Rd6 21.b4 Na6
22.Rae1 e6 23.a3 Rfd8 24.Bf3 Rd4 25.Bd5 R8xd5 26.cxd5 Rxd5 27.Qf6 Qd7 28.Rc3
Rf5 29.Qh4 Rxf2 30.Kxf2 Qd2+ 31.Re2 Qxc3 32.Qd8+ Kg7 33.Kf1 Nc7 34.Rf2 Nd5
35.Qd7 Ne3+ 36.Ke2 Nf5 37.Qd2 {#R} 0-1

[Event "It (open) \"]
[Site "masterchessopen.com Bratislava (Slovakia)"]
[Round "4"]
[White "Vukovic Ivo (CRO)"]
[Black "Skreno Vladimir (SVK)"]
[Result "1-0"]
[WhiteElo "2260"]
[BlackElo "2065"]

1.Nf3 Nf6 2.g3 g6 3.Bg2 Bg7 4.O-O O-O 5.c4 c6 6.d4 d5 7.Nbd2 e6 8.b3 Na6 9.Bb2
Rb8 10.Rc1 Bd7 11.Ne5 Qe7 12.a3 Rfe8 13.e3 Nc7 14.Qe2 h6 15.Rc2 Rf8 16.Ra1
Rfc8 17.Rac1 Be8 18.h4 Nd7 19.Nd3 f5 20.Nf4 Bf7 21.Nf3 Rf8 22.Nd3 Ne8 23.Ra1
Nef6 24.a4 Rfe8 25.Ba3 Qd8 26.Bd6 Ra8 27.c5 Ne4 28.Be5 g5 29.Bxg7 Kxg7 30.hxg5
hxg5 31.Nfe5 Nxe5 32.Nxe5 Rh8 33.b4 a6 34.Qe1 Qf6 35.f3 Qh6 36.fxe4 dxe4
37.Kf2 f4 38.exf4 gxf4 39.Qxe4 fxg3+ 40.Ke2 Bh5+ 41.Kd3 Raf8 42.Qe3 Bg6+
43.Nxg6 Qxg6+ 44.Be4 Qg4 45.Rg1 Rh3 46.Rcg2 {#r} 1-0

[Event "It (open)"]
[Site "masterchessopen.com Dortmund (Germany)"]
[Round "7"]
[White "Grotkjaer Thomas (DEN)"]
[Black "Overbeck Christopher (GER)"]
[Result "1-0"]
[WhiteElo "2081"]
[BlackElo "1927"]

1.c4 Nf6 2.g3 g6 3.Bg2 c6 4.Nf3 Bg7 5.O-O O-O 6.d4 d5 7.Nbd2 Re8 8.b3 e5
9.Nxe5 Ng4 10.Ndf3 Nxe5 11.Nxe5 dxc4 12.bxc4 c5 13.Bd5 Re7 {#r} 1-0

[Event "Bundesliga 2000/01"]
[Site "masterchessopen.com Germany"]
[Round "6"]
[White "Bacrot Etienne (FRA)"]
[Black "Joachim Sven (GER)"]
[Result "1-0"]
[WhiteElo "2653"]
[BlackElo "2442"]

1.d4 Nf6 2.c4 g6 3.Nf3 Bg7 4.g3 c6 5.Bg2 d5 6.Nbd2 O-O 7.O-O a5 8.b3 a4 9.Ba3
Re8 10.Re1 Nbd7 11.Bb2 a3 12.Bc3 Ne4 13.Nxe4 dxe4 14.Ng5 e3 15.fxe3 Bh6 16.Nf3
Bxe3+ 17.Kf1 Nf6 18.b4 Ng4 19.Qb3 Be6 20.h3 Qd6 21.Reb1 Bxc4 22.Qxc4 Qxg3
23.Be1 Nh2+ 24.Nxh2 Qxh2 25.Bf2 Qf4 26.Bf3 Bxf2 27.Kxf2 e5 28.Kg1 Rad8 29.Rd1
exd4 30.Rf1 Re6 31.Rf2 Qe3 32.Rd1 Qg5+ 33.Bg2 Qe5 34.Rd3 Rf6 35.Rxf6 Qxf6
36.Rxa3 Kg7 37.Rd3 Rd6 38.Kh1 h5 39.a4 Kg8 40.Qc5 Rd8 41.Kg1 Kg7 42.Qc2 Qe7
43.Qd2 Rd6 44.Rxd4 {#r} 1-0

[Event "Oberliga East A 2000/01"]
[Site "masterchessopen.com Germany"]
[Round "8"]
[White "Bollmann Henrik (GER)"]
[Black "Scheurer Ulf (GER)"]
[Result "1-0"]
[WhiteElo "2133"]
[BlackElo "2150"]

1.d4 Nf6 2.Nf3 d5 3.c4 c6 4.g3 g6 5.Bg2 Bg7 6.O-O O-O 7.Nbd2 Bf5 8.b3 Nbd7
9.Bb2 Ne4 10.Nh4 Nxd2 11.Qxd2 Be6 12.Rac1 Nf6 13.Rfd1 Qd7 14.f3 Rac8 15.e4
Rfd8 16.e5 Ne8 17.f4 f6 18.Qe3 f5 19.c5 Nc7 20.Rc2 Bf7 21.Bh3 h6 22.Rg2 e6
23.g4 Kh8 24.Kh1 Rf8 25.Rdg1 b6 26.b4 bxc5 27.bxc5 Rb8 28.Qe2 Qe7 29.Qf2 Rxb2
30.Qxb2 Qxh4 31.Rg3 Qd8 32.Qb7 Qb8 33.Qxb8 Rxb8 34.gxf5 exf5 35.Bxf5 Kh7
36.Bxg6+ Bxg6 37.Rxg6 Rg8 38.f5 {#r} 1-0

[Event "Oberliga Northwest 2000/01"]
[Site "masterchessopen.com Germany"]
[Round "9"]
[White "Waldschlaeger Juergen (GER)"]
[Black "Michalke Guenter (GER)"]
[Result "0-1"]
[WhiteElo "2205"]
[BlackElo "2224"]

1.Nf3 Nf6 2.g3 g6 3.Bg2 Bg7 4.O-O O-O 5.d4 d5 6.c4 c6 7.Nbd2 Bf5 8.b3 Be4
9.Nxe4 Nxe4 10.Bb2 e6 11.Nd2 Nxd2 12.Qxd2 f5 13.Rad1 Re8 14.f3 Nd7 15.e4 Nf6
16.cxd5 cxd5 17.e5 Nd7 18.Rc1 Qb6 19.f4 Bf8 20.Bc3 a5 21.Rb1 Bb4 22.a4 Bxc3
23.Qxc3 Rec8 24.Qd2 Nb8 25.b4 axb4 26.Rxb4 Qa5 27.Qb2 Nc6 28.Rxb7 Qxa4 29.Rb1
Rcb8 30.Qb6 Rxb7 {#R} 0-1

[Event "It (open)"]
[Site "masterchessopen.com Kidlington (England)"]
[Round "2"]
[White "Ghasi Ameet K (ENG)"]
[Black "Wu Li (ENG)"]
[Result "1-0"]
[WhiteElo "2290"]
[BlackElo "2344"]

1.Nf3 g6 2.d4 Bg7 3.g3 Nf6 4.Bg2 O-O 5.O-O d5 6.c4 c6 7.Nbd2 Be6 8.Qb3 Qc8
9.cxd5 Nxd5 10.Qc2 h6 11.a3 Bh3 12.e4 Bxg2 13.Kxg2 Nf6 14.Nb3 Nbd7 15.h3 Re8
16.e5 Nd5 17.e6 Nf8 18.exf7+ Kxf7 19.Nc5 Kg8 20.Re1 Qc7 21.Ne6 Nxe6 22.Rxe6 g5
23.Bd2 Rad8 24.h4 Rd6 25.Rxd6 Qxd6 26.hxg5 hxg5 27.Nxg5 Nf6 28.Qg6 Qd5+ 29.Kg1
e5 30.dxe5 Rxe5 31.Re1 Rxe1+ 32.Bxe1 Kf8 33.Bc3 Qd1+ 34.Kg2 Qd5+ 35.f3 Qd7
36.Bxf6 {#r} 1-0

[Event "Ch Poland (team) (juniors) (under 20) (2 div)"]
[Site "masterchessopen.com Krynica (Poland)"]
[Round "7"]
[White "Sygulska Anna (POL)"]
[Black "Andrzejewska Anna (POL)"]
[Result "0-1"]
[WhiteElo "1885"]
[BlackElo "1987"]

1.d4 d5 2.c4 c6 3.Nf3 Nf6 4.g3 g6 5.Bg2 Bg7 6.O-O O-O 7.Nbd2 Re8 8.Re1 Nbd7
9.e4 dxe4 10.Nxe4 Nb6 11.b3 Bf5 12.Nxf6+ Bxf6 13.Bf4 c5 14.Be5 Bxe5 15.Rxe5
Nd7 16.Re1 Qc7 17.dxc5 Nxc5 18.Qe2 Rad8 19.Rad1 Nd3 20.Rf1 Nb4 21.Rxd8 Rxd8
22.Re1 Nc6 23.Ne5 Nxe5 24.Bxb7 Qxb7 25.Qxe5 Bh3 26.f3 Qxf3 27.Qe2 {#R} 0-1

[Event "Ch Asturia"]
[Site "masterchessopen.com Norena (Spain)"]
[Round "2"]
[White "Gonzalez Fuente Carlos (ESP)"]
[Black "Blanco Fernandez Jose Luis (ESP)"]
[Result "1-0"]
[WhiteElo "2265"]
[BlackElo "2080"]

1.d4 Nf6 2.Nf3 g6 3.g3 Bg7 4.Bg2 O-O 5.O-O d5 6.c4 c6 7.Nbd2 Nbd7 8.b3 b6
9.Bb2 Bb7 10.Qc2 Rc8 11.e4 dxe4 12.Nxe4 Nxe4 13.Qxe4 Nf6 14.Qh4 e6 15.Rad1 Nd7
16.Qe4 Qc7 17.Ne5 Nxe5 18.dxe5 Rfd8 19.Bf3 Ba8 20.c5 Bf8 21.Rd6 bxc5 22.Qh4
Qe7 23.Qf4 Bg7 24.Rfd1 Qe8 25.Qd2 Rxd6 26.exd6 Qd7 27.Bxg7 Kxg7 28.Qc3+ f6
29.Qxc5 Rb8 30.b4 Rb5 31.Qxb5 cxb5 32.Bxa8 {#r} 1-0

[Event "Ch Russia (1/2 final)"]
[Site "masterchessopen.com Novosibirsk (Russia)"]
[Round "3"]
[White "Shkurikhin Ilia (RUS)"]
[Black "Beletsky Alexey (RUS)"]
[Result "0-1"]
[WhiteElo "2288"]
[BlackElo "2323"]

1.d4 Nf6 2.c4 g6 3.Nf3 Bg7 4.g3 O-O 5.Bg2 c6 6.O-O d5 7.Nbd2 b6 8.b3 Nbd7
9.Bb2 Bb7 10.Rc1 Rc8 11.Rc2 c5 12.dxc5 Nxc5 13.Qa1 dxc4 14.Nxc4 Rc7 15.Rd1 Rd7
16.Rxd7 Qxd7 17.b4 Qa4 18.Qc1 Be4 19.Rc3 Qxb4 20.Ba3 Qb5 21.Ncd2 Ba8 22.Bxc5
bxc5 23.Rxc5 Qxe2 24.Ra5 Bh6 25.Qf1 Qe6 26.Rxa7 Bd5 27.a4 Rd8 28.Ra6 Qc8
29.Qe2 Bxd2 30.Nxd2 Bxg2 31.Qxe7 Rxd2 32.Rxf6 Bd5 33.Qe1 Rc2 {#R} 0-1

[Event "Ch Europe"]
[Site "masterchessopen.com Ohrid (Macedonia)"]
[Round "12"]
[White "Georgiev Kiril (MKD)"]
[Black "Ruck Robert (HUN)"]
[Result "1-0"]
[WhiteElo "2686"]
[BlackElo "2582"]

1.d4 Nf6 2.c4 g6 3.Nf3 Bg7 4.g3 d5 5.Bg2 O-O 6.O-O c6 7.Nbd2 Ne4 8.e3 Nxd2
9.Nxd2 Be6 10.Qe2 Qd7 11.Re1 Na6 12.a3 Bg4 13.Qf1 e5 14.dxe5 Bxe5 15.cxd5 cxd5
16.e4 dxe4 17.Nxe4 Kg7 18.Be3 Bxb2 19.Ra2 Be5 20.Rd2 Qa4 21.f4 Bc7 22.Bd4+
Qxd4+ 23.Rxd4 Bb6 24.Kh1 Bxd4 25.Nd6 Rad8 26.Nxb7 Rde8 27.h3 Rxe1 28.Qxe1 Be6
29.Qd2 Bb6 30.a4 Rc8 31.a5 Bc5 32.Bf1 Bb4 33.Qd4+ Kg8 34.Bxa6 Rc1+ 35.Kg2 Rc2+
36.Kf3 Rc3+ 37.Ke2 Rc2+ 38.Kd1 Rd2+ 39.Qxd2 {#r} 1-0

[Event "Ch Europe"]
[Site "masterchessopen.com Ohrid (Macedonia)"]
[Round "1"]
[White "Nikolic Predrag (BIH)"]
[Black "Mikhalevski Victor (ISR)"]
[Result "1-0"]
[WhiteElo "2652"]
[BlackElo "2518"]

1.d4 Nf6 2.Nf3 g6 3.g3 Bg7 4.Bg2 O-O 5.c4 c6 6.O-O d5 7.Nbd2 a5 8.e3 a4 9.Ne5
e6 10.Qc2 Qa5 11.Nb1 Nbd7 12.Nd3 Ne4 13.Na3 e5 14.f3 Nd6 15.Bd2 Qa7 16.cxd5
exd4 17.e4 cxd5 18.Bb4 Qa6 19.exd5 Ne5 20.Nxe5 Bxe5 21.Rfe1 Bf5 22.Qd2 Bg7
23.g4 Bd7 24.Qf4 Ne8 25.Bf1 Qf6 26.Qxf6 Nxf6 27.Bxf8 Kxf8 28.Bc4 Ne8 29.Bb5
Bxb5 30.Nxb5 Rd8 31.Rad1 Nd6 32.Nxd4 Rc8 33.b3 a3 34.Kf2 Rc5 35.h4 Bf6 36.Kg3
h5 37.Kh3 Rc3 38.gxh5 gxh5 39.Re2 b5 40.Kg2 Rc5 41.Nc2 Bb2 42.Ne3 Rc3 43.Nf1
Nf5 44.d6 Nxh4+ 45.Kh3 Rxf3+ 46.Kxh4 Bf6+ 47.Kxh5 Rf4 48.Rh2 {#r} 1-0

[Event "Ch Spain (juniors) (under 18) (g)"]
[Site "masterchessopen.com Oropesa (Spain)"]
[Round "6"]
[White "Iglesias Gascon Albanta (ESP)"]
[Black "De Los Santos Honrubia Maria (ESP)"]
[Result "1-0"]
[WhiteElo "1981"]
[BlackElo "2078"]

1.Nf3 Nf6 2.g3 g6 3.Bg2 d5 4.d4 Bg7 5.O-O O-O 6.c4 c6 7.Nbd2 Nbd7 8.b3 c5
9.Bb2 cxd4 10.Nxd4 Nb6 11.c5 Nbd7 12.c6 Nb6 13.Rc1 a6 14.a4 bxc6 15.Nxc6 Qd6
16.Nb1 Re8 17.Ba3 Qe6 18.Nd4 Qg4 19.h3 Qh5 20.h4 e5 21.Nc6 e4 22.a5 Nbd7 23.e3
Bf8 24.Qxh5 Nxh5 25.Bxf8 Nxf8 26.Nd4 Ne6 27.Rfd1 Nxd4 28.Rxd4 Be6 29.b4 Rec8
30.Rdd1 Rab8 31.Rxc8+ Rxc8 32.Bf1 Rb8 33.Bxa6 Rxb4 34.Be2 Rb2 35.Bxh5 gxh5
36.Nc3 Rb3 37.Nxd5 Rb5 38.Nf6+ Kg7 39.Nxe4 Rxa5 40.Ng5 Bg4 41.Rc1 {#r} 1-0

[Event "Ch Germany (seniors) (team)"]
[Site "masterchessopen.com Rheda (Germany)"]
[Round "2"]
[White "Neese Hans-Joachim (GER)"]
[Black "Benne Horst (GER)"]
[Result "1-0"]
[WhiteElo "2151"]
[BlackElo "2159"]

1.d4 Nf6 2.c4 g6 3.g3 c6 4.Bg2 d5 5.Nd2 Bg7 6.Ngf3 O-O 7.O-O a5 8.b3 a4 9.b4
Ne4 10.e3 Bf5 11.Nxe4 Bxe4 12.Qe2 Nd7 13.Bb2 a3 14.Bc3 Nb6 15.c5 Na4 16.Rac1
b6 17.Ba1 bxc5 18.bxc5 Qa5 19.Nd2 Bxg2 20.Kxg2 Nb2 21.Rc2 Qa4 22.Nb3 Nc4
23.Bc3 Rfb8 24.Rb1 e5 25.Qd1 e4 26.Nd2 Nxd2 27.Rxd2 Qa6 28.Rc2 Bf6 29.Rcc1 Qc4
30.Qd2 Qa4 31.Bb4 Bd8 32.Rb3 Ba5 33.Rcb1 Kg7 34.Bxa5 Rxb3 35.Rxb3 Qxa5 36.Qxa5
Rxa5 37.Rb6 Rb5 38.Rxb5 cxb5 {#r} 1-0

[Event "It (open)"]
[Site "masterchessopen.com Rijeka (Croatia)"]
[Round "1"]
[White "Dumpor Atif (BIH)"]
[Black "Kukina Mario (CRO)"]
[Result "1-0"]
[WhiteElo "2325"]
[BlackElo "2075"]

1.d4 Nf6 2.Nf3 g6 3.g3 Bg7 4.Bg2 d5 5.O-O O-O 6.c4 c6 7.Nbd2 Bf5 8.Qb3 Qc8
9.Re1 dxc4 10.Nxc4 Be6 11.Qd3 Nbd7 12.e4 Rd8 13.Qc2 Nb6 14.Na5 Bg4 15.Be3 h5
16.Ng5 Nh7 17.Nxh7 Kxh7 18.Qc5 Re8 19.Rac1 Qd7 20.f3 Be6 21.b3 f5 22.Rcd1 fxe4
23.fxe4 Bg4 24.Rd2 Nc8 25.e5 Qc7 26.Nxb7 Bd7 27.e6 Bxe6 28.Qxc6 Qxc6 29.Bxc6
Rf8 30.Nc5 {#r} 1-0

[Event "Ch Great Britain"]
[Site "masterchessopen.com Scarborough (England)"]
[Round "11"]
[White "Ghasi Ameet K (ENG)"]
[Black "Buckley Simon T (ENG)"]
[Result "1-0"]
[WhiteElo "2290"]
[BlackElo "2236"]

1.Nf3 Nf6 2.d4 g6 3.g3 Bg7 4.Bg2 c6 5.O-O d5 6.Nbd2 O-O 7.c4 Nbd7 8.b3 e6
9.Bb2 b6 10.Qc2 Bb7 11.Rac1 Rc8 12.Rfd1 Qe7 13.Qb1 Rfd8 14.e3 Qd6 15.Ne5 Qb8
16.Nd3 Qa8 17.b4 c5 18.bxc5 bxc5 19.dxc5 Nxc5 20.Nxc5 Rxc5 21.Nb3 Rc6 22.Na5
Rb6 23.Qa1 Ne8 24.Bxg7 Nxg7 25.Nxb7 Qxb7 26.cxd5 exd5 27.Bxd5 Qe7 28.Bb3 Nf5
29.Rxd8+ Qxd8 30.Qc3 Rb7 31.h4 h5 32.Qc6 Qb6 33.Qe8+ Kg7 34.Rc8 Qd8 35.Rxd8
{#r} 1-0

[Event "Extra League 2001/02"]
[Site "masterchessopen.com Slovakia"]
[Round "3"]
[White "Jablonicky Frantisek (SVK)"]
[Black "Certek Pavel (SVK)"]
[Result "0-1"]
[WhiteElo "2198"]
[BlackElo "2293"]

1.Nf3 Nf6 2.d4 g6 3.g3 Bg7 4.Bg2 O-O 5.O-O c6 6.Nbd2 d5 7.c4 dxc4 8.Nxc4 Be6
9.Ncd2 Qa5 10.Re1 Rd8 11.Nb3 Qb6 12.Qc2 Na6 13.Nc5 Nxc5 14.dxc5 Qb4 15.e4 Nd7
16.Bg5 Bf6 17.Bxf6 exf6 18.Rec1 Nxc5 19.Ne1 Nd7 20.Nd3 Qe7 21.Nf4 Ne5 22.b3
Bg4 23.Qc3 g5 24.h3 gxf4 25.gxf4 Nd3 26.hxg4 Nxf4 27.Qf3 Qe5 28.Rd1 a5 29.Rab1
Kg7 30.Qe3 Qg5 31.Qf3 Ng6 32.Qg3 Ne5 33.Bh3 Ng6 34.Bg2 Nf4 35.Qf3 Kh8 36.Rxd8+
Rxd8 37.Rd1 Rg8 38.Kf1 Qxg4 39.Qxg4 Rxg4 40.Bf3 Rg5 41.Rd7 Rc5 42.Ke1 Kg7
43.Rxb7 Rc2 44.a4 Nd3+ 45.Kd1 Rxf2 46.Be2 Nc5 47.Rb6 Nxe4 48.Rxc6 Rf5 49.Kc2
h5 50.Bb5 Rd5 51.Ra6 h4 52.Bc6 Rd2+ 53.Kc1 Rd6 54.Bb5 Rxa6 55.Bxa6 Nc5 56.Bc4
h3 57.Kc2 f5 58.Bf1 h2 59.Bg2 Kf6 60.Kc3 Ke5 61.Kc4 Kd6 62.Bf3 Ne4 63.Kb5 Nd2
64.Bh1 Nxb3 65.Kc4 Nc5 66.Kb5 Ne4 67.Kxa5 Ng3 68.Kb6 Nxh1 69.a5 Nf2 {#R} 0-1

[Event "It (open)"]
[Site "masterchessopen.com Vlissingen (Netherlands)"]
[Round "9"]
[White "Tiggelman Rene (NED)"]
[Black "Porte Henrik (NED)"]
[Result "1-0"]
[WhiteElo "2165"]
[BlackElo "2131"]

1.c4 Nf6 2.Nf3 g6 3.g3 Bg7 4.Bg2 O-O 5.O-O c6 6.d4 d5 7.Nbd2 Nbd7 8.Qc2 Re8
9.b3 dxc4 10.Nxc4 Nb6 11.Nfe5 Nxc4 12.Qxc4 Be6 13.Qc5 Bd5 14.f3 Nd7 15.Nxd7
Qxd7 16.Bb2 b6 17.Qc2 Rac8 18.e4 Be6 19.Rad1 Bh3 20.b4 Bxg2 21.Kxg2 Qc7 22.Rf2
c5 23.bxc5 bxc5 24.d5 Bxb2 25.Qxb2 Rb8 26.Qc3 Rb5 27.h4 f6 28.d6 exd6 29.Qc4+
{#r} 1-0

[Event "Ch Hungary (open)"]
[Site "masterchessopen.com Zalakaros (Hungary)"]
[Round "7"]
[White "Kustar Sandor (HUN)"]
[Black "Likavsky Tomas (SVK)"]
[Result "0-1"]
[WhiteElo "2425"]
[BlackElo "2403"]

1.Nf3 Nf6 2.c4 g6 3.g3 Bg7 4.Bg2 c6 5.d4 O-O 6.O-O d5 7.Nbd2 Bf5 8.b3 Ne4
9.Bb2 Nd7 10.Rc1 Nxd2 11.Qxd2 Be4 12.Rfd1 a5 13.Qe3 Nf6 14.Bh3 a4 15.Nd2 axb3
16.axb3 Ra2 17.Bc3 Qd6 18.c5 Qc7 19.Ra1 Rfa8 20.Rxa2 Rxa2 21.Ra1 Rxa1+ 22.Bxa1
Qa5 23.Qc3 Qa7 24.Bb2 Bf5 25.Bf1 Ne4 26.Nxe4 dxe4 27.e3 Be6 28.b4 Qa4 29.Qa3
Bb3 30.Qxa4 Bxa4 31.Bg2 f5 32.f3 exf3 33.Bxf3 Kf7 34.Kf2 Bb5 35.e4 e6 36.Bc3
Bd3 37.exf5 exf5 38.Ke3 Bc4 39.g4 Bh6+ 40.Kf2 Ke6 41.gxf5+ Kxf5 42.h3 Bf4
43.Bd1 Ke4 44.Bf3+ Kd3 45.Ba1 Be3+ 46.Kf1 Kc2+ 47.Be2 Kb3 48.b5 cxb5 49.Ke1 b4
50.h4 Bd5 {#R} 0-1